50 años Bauhaus

Saved in:
Bibliografiske detaljer
Main Authors: Bayer, Herbert (Author), Grote, Ludwig (Author), Honisch, Dieter (Author), Wingler, Hans M (Author)
Format: Bog
Sprog:spansk
Udgivet: Stuttgart s.n 1970
Fag:
Tags: Tilføj Tag
Ingen Tags, Vær først til at tagge denne postø!

MARC

LEADER 00000nam a2200000 a 4500
001 UCU7545
003 CL-VaPUC
008 960705e19700000gw |||||||||||||||||spa|d
082 0 4 |a 709.04  |b BAY  |2 21 
100 0 |a Bayer, Herbert  |e author  |9 366435 
700 0 |a Grote, Ludwig  |e author  |9 366436 
700 0 |a Honisch, Dieter  |e author  |9 366437 
700 0 |a Wingler, Hans M  |e author  |9 366438 
245 1 0 |a 50 años Bauhaus 
300 |a 365 p 
942 |c BK 
945 |d 19960705 00:00:00  |a cmena 
260 |a Stuttgart  |b s.n  |c 1970 
650 0 |a Obras de arte  |9 337253 
650 0 |a Arquitectura  |9 804558 
650 0 |a Exposiciones  |9 265884 
650 0 |a Artes festivas  |9 366440 
650 0 |a Diseño arquitectónico   |9 265271 
583 |a last modification  |c 20171228 02:35:58  |k Rodrigo Vera 
999 |c 250153  |d 250151 
952 |0 0  |1 0  |4 0  |6 709_040000000000000_BAY_1970  |7 0  |8 A  |9 267988  |a BIBING  |b BIBING  |d 2019-11-19  |i 1704540  |o 709.04 BAY 1970  |p 1704540  |r 2025-01-20  |w 2019-11-19  |y BK  |k ING 
952 |0 0  |1 0  |4 0  |6 709_040000000000000_BAY_1970  |7 0  |8 A  |9 267989  |a BIBARQ  |b BIBARQ  |d 2019-11-19  |i 3040402  |o 709.04 BAY 1970  |p 3040402  |r 2025-01-20  |w 2019-11-19  |y BK  |k ARQ 
952 |0 0  |1 0  |4 0  |6 709_040000000000000_BAY_1970  |7 0  |8 A  |9 267990  |a BIBARQ  |b BIBARQ  |d 2019-11-19  |i 3040410  |l 1  |o 709.04 BAY 1970  |p 3040410  |r 2025-01-20  |s 2024-05-02  |w 2019-11-19  |y BK  |k ARQ 
952 |0 0  |1 0  |4 0  |6 709_040000000000000_BAY_1970  |7 0  |8 A  |9 267991  |a BIBARQ  |b BIBARQ  |d 2019-11-19  |i 3040429  |o 709.04 BAY 1970  |p 3040429  |r 2025-01-20  |w 2019-11-19  |y BK  |k ARQ